| 000 | 00588nam a2200193 4500 | ||
|---|---|---|---|
| 001 | 118955 | ||
| 003 | ES-MaACL | ||
| 005 | 20230906191218.0 | ||
| 007 | t| | ||
| 008 | 070214s1906 fr r ||||1| fre d | ||
| 100 | 1 |
_aPicard, Emile. _991773 |
|
| 245 | 1 | 3 |
_aLa science moderne et son etat actuel / _cpar Emile Picard. |
| 260 |
_aParis : _bErnest Flammarion, _c1906. |
||
| 300 |
_a302 p. ; _c18 x 11 cm. |
||
| 490 | 1 | _aBibliothèque de philosophie scientifique | |
| 830 | 0 |
_aBibliothèque de philosophie scientifique _9181135 |
|
| 852 |
_aES-MaACL _jF-6372 |
||
| 999 |
_c118955 _d118955 |
||